Biología (Registro nro. 3438)
[ vista simple ]
| 000 -Cabecera | |
|---|---|
| Campo de control de longitud fija | 00791aam a2200337 4500 |
| 005 - Fecha y hora de la última transacción | |
| Campo de control | 20240515173635.0 |
| 008 - Elementos de longitud fija--Información general | |
| Campo de control de longitud fija | 150227b1992 xxu||||| |||| 00| 0 eng d |
| 020 ## - International Standard Book Number | |
| Número Internacional Estándar del Libro (ISBN) | 0139783210 |
| 041 ## - Idioma | |
| Código de idioma | Español |
| 082 ## - Clasificación Decimal Dewey | |
| Número de clasificación | 570 A379b |
| 100 ## - Entrada principal--Autor personal | |
| Nombre personal | Alexander, Peter |
| 100 ## - Entrada principal--Autor personal | |
| Nombre personal | Bahret, Mary Jean |
| 100 ## - Entrada principal--Autor personal | |
| Nombre personal | Chaves, Judith |
| 100 ## - Entrada principal--Autor personal | |
| Nombre personal | Courts, Gary |
| 100 ## - Entrada principal--Autor personal | |
| Nombre personal | D'Alessio, Naomi Skolky |
| 245 ## - Título propiamente dicho | |
| Título | Biología |
| 260 ## - Pie de imprenta | |
| Lugar de publicación, distribución, etc. | Estados Unidos |
| 260 ## - Pie de imprenta | |
| Nombre del editor, distribuidor, etc. | Prentice Hall |
| 260 ## - Pie de imprenta | |
| Fecha de publicación, distribución, etc. | 1992 |
| 300 ## - Descripción física | |
| Extensión | 717 páginas |
| 650 ## - Materia general | |
| Temática (materia general) | BIOLOGÍA |
| 650 ## - Materia general | |
| Temática (materia general) | CIENCIAS NATURALES |
| 650 ## - Materia general | |
| Temática (materia general) | GENÉTICA |
| 650 ## - Materia general | |
| Temática (materia general) | MICROBIOLOGÍA |
| 650 ## - Materia general | |
| Temática (materia general) | INVERTEBRADOS |
| 650 ## - Materia general | |
| Temática (materia general) | VERTEBRADOS |
| 650 ## - Materia general | |
| Temática (materia general) | ECOLOGÍA |
| 650 ## - Materia general | |
| Temática (materia general) | BIOLOGÍA HUMANA |
| 942 ## - Punto de acceso adicional KOHA | |
| Tipo de ítem KOHA | Libro |
| Fuente del sistema de clasificación o colocación | Dewey Decimal Classification |
| Signatura completa | Código de barras | Programa Académico | Tipo de ítem |
|---|---|---|---|
| 570 A379b | 12550 | Turismo | Libro |